Everything school leaders need to know about assessment / (Record no. 29493)
[ view plain ]
| 000 -LEADER | |
|---|---|
| fixed length control field | 01044cam a2200253 a 4500 |
| 001 - CONTROL NUMBER | |
| control field | 16039709 |
| 005 - DATE AND TIME OF LATEST TRANSACTION | |
| control field | 20190122020042.0 |
| 008 - FIXED-LENGTH DATA ELEMENTS--GENERAL INFORMATION | |
| fixed length control field | 100104s2010 caua b 001 0 eng |
| 010 ## - LIBRARY OF CONGRESS CONTROL NUMBER | |
| LC control number | 2009054004 |
| 020 ## - INTERNATIONAL STANDARD BOOK NUMBER | |
| International Standard Book Number | 9781412979795 (pbk.) |
| 040 ## - CATALOGING SOURCE | |
| Original cataloging agency | DLC |
| Transcribing agency | DLC |
| Modifying agency | DLC |
| 050 00 - LIBRARY OF CONGRESS CALL NUMBER | |
| Classification number | LB 2822.75 .P67 2010 |
| 100 1# - MAIN ENTRY--PERSONAL NAME | |
| Personal name | Popham, W. James. |
| 245 10 - TITLE STATEMENT | |
| Title | Everything school leaders need to know about assessment / |
| Statement of responsibility, etc. | W. James Popham. |
| 260 ## - PUBLICATION, DISTRIBUTION, ETC. (IMPRINT) | |
| Place of publication, distribution, etc. | Thousand Oaks, Calif. : |
| Name of publisher, distributor, etc. | Corwin Press, |
| Date of publication, distribution, etc. | c2010. |
| 300 ## - PHYSICAL DESCRIPTION | |
| Extent | xx, 199 p. : |
| Other physical details | ill. ; |
| Dimensions | 23 cm. |
| 504 ## - BIBLIOGRAPHY, ETC. NOTE | |
| Bibliography, etc | Includes bibliographical references and index. |
| 650 #0 - SUBJECT ADDED ENTRY--TOPICAL TERM | |
| Topical term or geographic name as entry element | Educational evaluation. |
| 650 #0 - SUBJECT ADDED ENTRY--TOPICAL TERM | |
| Topical term or geographic name as entry element | Educational leadership. |
| 942 ## - ADDED ENTRY ELEMENTS (KOHA) | |
| Source of classification or shelving scheme | |
| Koha item type | Hard Covered Materials |
| Classification part | LB 2822.75 .P67 2010 |
| Koha issues (borrowed), all copies | 2 |
| Withdrawn status | Lost status | Source of classification or shelving scheme | Damaged status | Not for loan | Home library | Current library | Shelving location | Date acquired | Source of acquisition | Total Checkouts | Full call number | Barcode | Date last seen | Date last checked out | Price effective from | Koha item type |
|---|---|---|---|---|---|---|---|---|---|---|---|---|---|---|---|---|
| MACHAKOS UNIVERSITY LIBRARY | MACHAKOS UNIVERSITY LIBRARY | Open shelf | 09/01/2018 | Purchase (Corporate Campus) | 2 | LB 2822.75 .P67 2010 | 37972 | 31/01/2019 | 21/01/2019 | 09/01/2018 | Hard Covered Materials | |||||
| MACHAKOS UNIVERSITY LIBRARY | MACHAKOS UNIVERSITY LIBRARY | Open shelf | 09/01/2018 | Purchase (Corporate Campus) | LB 2822.75 .P67 2010 | 37973 | 09/01/2018 | 09/01/2018 | Hard Covered Materials | |||||||
| MACHAKOS UNIVERSITY LIBRARY | MACHAKOS UNIVERSITY LIBRARY | Open shelf | 09/01/2018 | Purchase (Corporate Campus) | LB 2822.75 .P67 2010 | 37974 | 09/01/2018 | 09/01/2018 | Hard Covered Materials | |||||||
| MACHAKOS UNIVERSITY LIBRARY | MACHAKOS UNIVERSITY LIBRARY | Open shelf | 09/01/2018 | Purchase (Corporate Campus) | LB 2822.75 .P67 2010 | 37975 | 09/01/2018 | 09/01/2018 | Hard Covered Materials |